000 01273cam a22003737a 4500
003 CHAP
005 20220329135758.0
008 971013s1959 r 00010 d
010 _a41955
011 _a42927
035 _a47057
040 _cCHAP
082 _a332.49
_bF68
100 0 0 _aFousek, Peter G.
_942778
245 1 4 _aLos instrumentos de la política monetaria
260 _aMéxico, D.F. :
_bCEMLA,
_c1959
300 _a189 p.
_b: ilus.
490 0 _aEstudios
590 _aBATCH-UPD
_b10
_c20130110
_lUCH01
_h1633
590 _aBATCH-UPD
_b10
_c20130410
_lUCH01
_h1025
590 _aBATCH-UPD
_b10
_c20130914
_lUCH01
_h1113
590 _aCONVERSION
_b10
_c20130109
_lUCH01
_h1323
650 1 4 _aCuestión monetaria.
_930120
830 0 _aEstudios
_938514
901 _aBK
942 _cLIBRO
949 _a332.49 F68
_bBC
_cBPA
_d-107081
_eBPA
_fc.3
_i47057
_si
949 _a332.49 F68
_bBC
_cBPA
_d-107082
_eBPA
_fc.4
_i47057
_si
949 _a332.49 F68
_bBC
_cBPA
_d-107083
_eBPA
_fc.5
_i47057
_si
949 _a332.49 F68
_bBC
_cBPA
_d-107084
_eBPA
_fc.6
_i47057
_si
949 _a332.49 F68
_bBC
_cBPA
_d-107086
_eBPA
_fc.7
_i47057
_si
949 _a332.49 F68
_bBC
_cLIBRO
_d33724000345138
_eLIBRO
_fc.2
_i47057
_si
949 _a332.49 F68
_bBC
_cLIBRO
_d33724000345146
_eLIBRO
_i47057
_si
999 _c41955
_d41955